| 000 | 00463nam a2200121Ia 4500 | ||
|---|---|---|---|
| 008 | 160712s9999 xx 000 0 und d | ||
| 100 | _aChaves, Carmela Marie C. | ||
| 245 |
_cCarmeli Marie C. Chaves _aIn the Hands of Indigenous Peoples: The Future of Upland Coffee Regions in the Philippines |
||
| 260 |
_c2011 _bReview of Women's Studies |
||
| 300 | _avol. 21 no. 2 | ||
| 650 | _xWOMEN | ||
| 856 | _uhttp://journals.upd.edu.ph/index.php/rws/issue/view/440/showToc | ||
| 999 |
_c297698 _d297698 |
||